Photoperiodism (Record no. 1478)
[ view plain ]
| 000 -LEADER | |
|---|---|
| fixed length control field | 01450cam a2200361 a 4500 |
| 001 - CONTROL NUMBER | |
| control field | BD-DhSAU 1478 |
| 001 - CONTROL NUMBER | |
| control field | 15461403 |
| 003 - CONTROL NUMBER IDENTIFIER | |
| control field | BD-DhSAU |
| 005 - DATE AND TIME OF LATEST TRANSACTION | |
| control field | 20161107080650.0 |
| 008 - FIXED-LENGTH DATA ELEMENTS--GENERAL INFORMATION | |
| fixed length control field | 080923s2010 enkab b 001 0 eng |
| 020 ## - INTERNATIONAL STANDARD BOOK NUMBER | |
| International Standard Book Number | 9780195335903 (cloth : alk. paper) |
| 020 ## - INTERNATIONAL STANDARD BOOK NUMBER | |
| International Standard Book Number | 0195335902 (cloth : alk. paper) |
| 035 ## - SYSTEM CONTROL NUMBER | |
| System control number | (OCoLC)ocn256770681 |
| 040 ## - CATALOGING SOURCE | |
| Original cataloging agency | DLC |
| Transcribing agency | DLC |
| Modifying agency | BTCTA |
| -- | YDXCP |
| -- | C#P |
| -- | BWX |
| -- | CDX |
| -- | CUS |
| -- | DLC |
| 050 00 - LIBRARY OF CONGRESS CALL NUMBER | |
| Classification number | QP82 |
| Item number | .P45 2010 |
| 082 00 - DEWEY DECIMAL CLASSIFICATION NUMBER | |
| Classification number | - |
| Edition number | - |
| Item number | - |
| 245 00 - TITLE STATEMENT | |
| Title | Photoperiodism |
| Medium | [online resource] : |
| Remainder of title | the biological calendar / |
| Statement of responsibility, etc. | edited by Randy J. Nelson, David L. Denlinger, David E. Somers. |
| 260 ## - PUBLICATION, DISTRIBUTION, ETC. (IMPRINT) | |
| Place of publication, distribution, etc. | Oxford ; |
| -- | New York : |
| Name of publisher, distributor, etc. | Oxford University Press, |
| Date of publication, distribution, etc. | 2010. |
| 300 ## - PHYSICAL DESCRIPTION | |
| Extent | xiii, 581 p. : |
| Other physical details | ill., maps ; |
| Dimensions | 25 cm. |
| 500 ## - GENERAL NOTE | |
| General note | Oxford scholarship online biology |
| 504 ## - BIBLIOGRAPHY, ETC. NOTE | |
| Bibliography, etc | Includes bibliographical references and index. |
| 590 ## - Name of Cataloguer | |
| Name of Cataloger | Anwar |
| 650 #0 - SUBJECT ADDED ENTRY--TOPICAL TERM | |
| Topical term or geographic name as entry element | Photoperiodism. |
| 650 #2 - SUBJECT ADDED ENTRY--TOPICAL TERM | |
| Topical term or geographic name as entry element | Biological Clocks |
| General subdivision | genetics. |
| 650 #2 - SUBJECT ADDED ENTRY--TOPICAL TERM | |
| Topical term or geographic name as entry element | Biological Clocks |
| General subdivision | physiology. |
| 650 #2 - SUBJECT ADDED ENTRY--TOPICAL TERM | |
| Topical term or geographic name as entry element | Photoperiod. |
| 700 1# - ADDED ENTRY--PERSONAL NAME | |
| Personal name | Nelson, Randy Joe. |
| 700 1# - ADDED ENTRY--PERSONAL NAME | |
| Personal name | Denlinger, David L. |
| 700 1# - ADDED ENTRY--PERSONAL NAME | |
| Personal name | Somers, David E., |
| Dates associated with a name | 1954- |
| 856 ## - ELECTRONIC LOCATION AND ACCESS | |
| Uniform Resource Identifier | <a href="http://www.oxfordscholarship.com/view/10.1093/acprof:oso/9780195335903.001.0001/acprof-9780195335903?rskey=hzloLl&result=60">http://www.oxfordscholarship.com/view/10.1093/acprof:oso/9780195335903.001.0001/acprof-9780195335903?rskey=hzloLl&result=60</a> |
| 856 ## - ELECTRONIC LOCATION AND ACCESS | |
| Uniform Resource Identifier | <a href="http://doi.org/10.1093/acprof:oso/9780195335903.001.0001">http://doi.org/10.1093/acprof:oso/9780195335903.001.0001</a> |
| 942 ## - ADDED ENTRY ELEMENTS (KOHA) | |
| Source of classification or shelving scheme | Dewey Decimal Classification |
| Koha item type | Online book |
No items available.
